|
|
|
|
| LEADER |
00887nam a22002652a 4500 |
| 001 |
000446303 |
| 003 |
CZ BrMZK |
| 005 |
20140801102634.0 |
| 007 |
ta |
| 008 |
990305s1958 xxu f eng d |
| 040 |
|
|
|a BOA001
|b cze
|
| 072 |
|
7 |
|a 55
|x Vědy o Zemi. Geologické vědy
|2 Konspekt
|9 7
|
| 080 |
|
|
|a 55
|2 MRF
|
| 080 |
|
|
|a (035)
|2 MRF
|
| 245 |
0 |
0 |
|a Suggestions to authors of the reports of the United States Geological Survey.
|
| 250 |
|
|
|a 5. edit.
|
| 260 |
|
|
|a Washington :
|b US Government Printing Office,
|c 1958
|
| 300 |
|
|
|a xii, 255 s.
|
| 504 |
|
|
|a Obsahuje rejstřík
|
| 650 |
0 |
7 |
|a geologie
|7 ph114622
|2 czenas
|
| 655 |
|
7 |
|a příručky
|7 fd133209
|2 czenas
|
| 710 |
2 |
|
|a Geological Survey (Spojené státy americké)
|7 ko2002149874
|
| 910 |
|
|
|a BOA001
|b 2-0423.521
|
| 990 |
|
|
|a BK
|
| 996 |
7 |
|
|b 2619765908
|c 2-0423.521
|l MZK
|r Sklad / do 24 hodin
|n 1
|w 000446303
|u 000010
|a 1
|e BOA001
|j MZK50
|s A
|